000
00416nam a2200169Ia 4500
008
090711s9999 xx 000 0 und d
082
_b
50941
100
_a
काकडे द. स.
245
_a
छबिना
260
_c
1985
300
_a
303
600
_a
काकडे द. स.
630
_a
छबिना
700
_a
काकडे द. स.
730
_a
छबिना
942
_c
BOOK
999
_c
301485
_d
301485